Organizar los contenidos para ayudar a aprender: un modelo de secuencia de los contenidos básicos comunes
Kaydedildi:
| Yazar: | |
|---|---|
| Materyal Türü: | Kitap |
| Dil: | İspanyolca |
| Baskı/Yayın Bilgisi: |
Buenos Aires
Magisterio del Río de la Plata
1999
|
| Seri Bilgileri: | Colección Respuestas Educativas
|
| Konular: | |
| Etiketler: |
Etiketle
Etiket eklenmemiş, İlk siz ekleyin!
|
MARC
| LEADER | 00000nam a2200000 a 4500 | ||
|---|---|---|---|
| 001 | UCI2927 | ||
| 003 | CL-VaPUC | ||
| 008 | 070928e19990000AG |||||||||||||||||spa|d | ||
| 020 | |a 9505502575 | ||
| 082 | 0 | 4 | |a 370.1 |b SAN |2 21 |
| 100 | 0 | |a Sánchez Iniesta, Tomás |e author |9 524191 | |
| 245 | 1 | 0 | |a Organizar los contenidos para ayudar a aprender: un modelo de secuencia de los contenidos básicos comunes |
| 300 | |a 239 p | ||
| 942 | |c BK | ||
| 945 | |d 20070928 00:00:00 |a jtorresc | ||
| 260 | |a Buenos Aires |b Magisterio del Río de la Plata |c 1999 | ||
| 650 | 0 | |a Filosofía de la educación |9 258384 | |
| 650 | 0 | |a Psicología educacional |9 307830 | |
| 650 | 0 | |a Métodos de enseñanza |9 270413 | |
| 583 | |a last modification |c 20170927 11:33:04 |k Rodrigo Vera | ||
| 490 | 0 | |a Colección Respuestas Educativas | |
| 999 | |c 327337 |d 327335 | ||
| 952 | |0 0 |1 0 |4 0 |6 370_100000000000000_SAN_1999 |7 0 |8 A |9 410051 |a BIBEDU |b BIBEDU |d 2019-11-22 |i 4372379 |o 370.1 SAN 1999 |p 4372379 |r 2019-11-22 |w 2019-11-22 |y BK |k EBA | ||